Cerita pilihan Sherlock Holmes

Bibliographic Details
Main Author: Doyle, Arthur Conan
Format: Book
Published: Kuala Lumpur : DBP , 1992

MARC

LEADER 00000cam a2200000 7i4500
001 0000007285
002 000007836
005 20000330.0
020 |a 9836229884 
090 0 0 |a F   |b DOY 
100 1 |a Doyle, Arthur Conan 
245 1 0 |a Cerita pilihan Sherlock Holmes   |c Arthur Conan Doyle 
260 |a Kuala Lumpur :   |b DBP ,   |c 1992 
300 |a 531 p. ;   |c 18 cm. 
999 |a 051430   |b BUKU   |c PINJAMAN   |e PERPUSTAKAAN KOMUNITI PETALING JAYA 
999 |a 051431   |b BUKU   |c PINJAMAN   |e PERPUSTAKAAN KOMUNITI PETALING JAYA 
999 |a 051432   |b BUKU   |c PINJAMAN   |e PERPUSTAKAAN KOMUNITI PETALING JAYA 
999 |a 055332   |b BUKU   |c PINJAMAN   |e PERPUSTAKAAN KOMUNITI CAW KOTA DAMANSARA 
999 |a 055333   |b BUKU   |c FICTION   |e PERPUSTAKAAN KOMUNITI CAW KOTA DAMANSARA